[Event "HUN-chT U18"]
[Site "Budapest"]
[Date "2012.10.28"]
[Round "3.2"]
[White "Ongai, Erik"]
[Black "Dankhazi, Andras"]
[Result "1-0"]
[WhiteElo "2041"]
[BlackElo "2140"]
[PlyCount "57"]
[EventDate "2012.10.28"]
[EventType "team-swiss"]
[EventRounds "8"]
[EventCountry "HUN"]
[SourceTitle "EXT 2020"]
[Source "ChessBase"]
[SourceDate "2019.10.17"]
[SourceVersion "1"]
[SourceVersionDate "2019.10.17"]
[SourceQuality "1"]

1. e4 e5 2. Nf3 Nc6 3. Bc4 Bc5 4. c3 Nf6 5. d3 a6 6. a4 d6 7. 0-0 0-0 8. Re1 h6 9. Nbd2 Ba7 10. Nf1 Be6 11. Ba2 Bxa2 12. Rxa2 d5 13. Ng3 dxe4 14. Nxe4 Nd5 15. Ng3 Re8 16. a5 Qd7 17. Nh4 Nde7 18. Nh5 Qe6 19. Ra4 f5 20. Nf3 Rad8 21. Qe2 Ng6 22. d4 Qf7 23. dxe5 Ngxe5 24. Nxe5 Nxe5 25. Be3 Ng4 26. Rxg4 fxg4 27. Qxg4 Qxf2+ 28. Kxf2 Rd2+ 29. Kg3 1-0

[Event "Balatonalmadi Pannonia Cup 17th"]
[Site "Balatonalmadi"]
[Date "2012.07.27"]
[Round "4"]
[White "Nagy, Gabor"]
[Black "Ongai, Erik"]
[Result "1-0"]
[WhiteElo "2391"]
[BlackElo "2030"]
[PlyCount "75"]
[EventDate "2012.07.25"]
[EventType "swiss"]
[EventRounds "7"]
[EventCountry "HUN"]
[SourceTitle "EXT 2016"]
[Source "ChessBase"]
[SourceDate "2015.10.08"]
[SourceVersion "1"]
[SourceVersionDate "2015.10.08"]
[SourceQuality "1"]

1. Nf3 Nf6 2. c4 e6 3. d4 d5 4. Nc3 Be7 5. e3 0-0 6. Bd3 dxc4 7. Bxc4 c5 8. 0-0 Nc6 9. a3 cxd4 10. exd4 a6 11. Re1 b5 12. Ba2 Bb7 13. Qd3 b4 14. Ne4 Nxe4 15. Rxe4 Bf6 16. Bb1 g6 17. Bh6 Re8 18. Qe3 Na5 19. axb4 Nc4 20. Qe2 Nd6 21. Re3 Nf5 22. Bxf5 exf5 23. Rd1 Rxe3 24. Qxe3 Qd5 25. Re1 Bc6 26. Bf4 Re8 27. Be5 Bxe5 28. dxe5 Kg7 29. h4 h6 30. Qc3 Kg8 31. Qc1 Kh7 32. Rd1 Qb3 33. Nd4 Qxb4 34. Nxc6 Qxh4 35. Rd4 Qh5 36. Qc4 Re6 37. Nd8 Re7 38. Nxf7 1-0

[Event "HUN-chT U18"]
[Site "Miskolc"]
[Date "2011.11.05"]
[Round "6.3"]
[White "Ongai, Erik"]
[Black "Horvath, Kristof"]
[Result "1-0"]
[WhiteElo "1994"]
[BlackElo "1753"]
[PlyCount "85"]
[EventDate "2011.11.02"]
[EventType "team-swiss"]
[EventRounds "8"]
[EventCountry "HUN"]
[SourceTitle "EXT 2012"]
[Source "ChessBase"]
[SourceDate "2011.11.24"]
[SourceVersion "1"]
[SourceVersionDate "2011.11.24"]
[SourceQuality "1"]
[WhiteTeam "Sarvar"]
[BlackTeam "Miskolc EMSE"]
[WhiteTeamCountry "HUN"]
[BlackTeamCountry "HUN"]

1. e4 e5 2. Nf3 Nc6 3. Bc4 Nf6 4. d3 Be7 5. c3 d6 6. h3 0-0 7. Nbd2 a6 8. a4 h6 9. 0-0 Bd7 10. Re1 Nh7 11. Nf1 Na5 12. Ba2 Qe8 13. Bb1 Be6 14. Bc2 Kh8 15. Ne3 Ng5 16. d4 exd4 17. cxd4 Nxf3+ 18. Qxf3 Nb3 19. Bxb3 Bxb3 20. Nf5 Be6 21. Qh5 Bxf5 22. exf5 f6 23. Qh4 Rf7 24. Ra3 Qd7 25. Qh5 Bf8 26. Rae3 d5 27. Qg6 Bd6 28. Re6 Raf8 29. b3 b5 30. axb5 axb5 31. h4 c5 32. Qg4 c4 33. bxc4 bxc4 34. Bd2 Rc8 35. Qf3 Bf8 36. Ra1 Qb5 37. Ra5 Qb3 38. Re3 Qb1+ 39. Kh2 Bd6+ 40. g3 Bb4 41. Rb5 c3 42. Bxc3 Rc4 43. Re8+ 1-0

[Event "HUN-chT U18"]
[Site "Miskolc"]
[Date "2011.11.04"]
[Round "5.3"]
[White "Kassay, Krisztian"]
[Black "Ongai, Erik"]
[Result "0-1"]
[WhiteElo "1731"]
[BlackElo "1994"]
[PlyCount "90"]
[EventDate "2011.11.02"]
[EventType "team-swiss"]
[EventRounds "8"]
[EventCountry "HUN"]
[SourceTitle "EXT 2012"]
[Source "ChessBase"]
[SourceDate "2011.11.24"]
[SourceVersion "1"]
[SourceVersionDate "2011.11.24"]
[SourceQuality "1"]
[WhiteTeam "Miskolc"]
[BlackTeam "Sarvar"]
[WhiteTeamCountry "HUN"]
[BlackTeamCountry "HUN"]

1. e4 c5 2. Nf3 d6 3. d4 cxd4 4. Nxd4 Nf6 5. Nc3 a6 6. Bc4 e6 7. Bb3 b5 8. Qf3 Bb7 9. a3 Nbd7 10. 0-0 Nc5 11. Ba2 Ncxe4 12. Re1 d5 13. Qh3 Bc5 14. Be3 0-0 15. Nxe4 Nxe4 16. Rad1 Qf6 17. c3 Rad8 18. Bb1 e5 19. Bxe4 dxe4 20. Nc2 Bxe3 21. Nxe3 Rd3 22. Qg4 Rfd8 23. h3 g6 24. Qe2 Qd6 25. Qg4 Kh8 26. Qh4 f5 27. Rb1 Kg7 28. Qg5 Bc8 29. Kh1 Rd2 30. Kg1 h6 31. Qh4 g5 32. Qh5 Qg6 33. Qxg6+ Kxg6 34. Rbd1 R2d3 35. Rb1 h5 36. Nc2 a5 37. Ne3 f4 38. Nc2 Kf5 39. Kf1 Be6 40. g4+ hxg4 41. hxg4+ Kxg4 42. Rxe4 Bf5 43. Re2 Rd1+ 44. Rxd1 Rxd1+ 45. Ne1 Bd3 0-1

[Event "HUN-chT U18"]
[Site "Miskolc"]
[Date "2010.11.05"]
[Round "7.6"]
[White "Berta, Sandor Martin"]
[Black "Ongai, Erik"]
[Result "1/2-1/2"]
[WhiteElo "1825"]
[BlackElo "1966"]
[PlyCount "68"]
[EventDate "2010.11.02"]
[EventType "team-swiss"]
[EventRounds "8"]
[EventCountry "HUN"]
[SourceTitle "EXT 2016"]
[Source "ChessBase"]
[SourceDate "2015.10.08"]
[SourceVersion "1"]
[SourceVersionDate "2015.10.08"]
[SourceQuality "1"]

1. e4 c5 2. Nf3 d6 3. d4 cxd4 4. Nxd4 Nf6 5. Nc3 a6 6. Be3 e5 7. Nb3 Be6 8. Qd2 Be7 9. 0-0-0 Ng4 10. g3 Nxe3 11. Qxe3 Nd7 12. Kb1 Qc7 13. Nd5 Bxd5 14. exd5 0-0 15. g4 g6 16. h4 Bf6 17. g5 Bg7 18. h5 a5 19. a4 Rac8 20. Rd2 Nc5 21. hxg6 hxg6 22. Qh3 Rfe8 23. Nxc5 Qxc5 24. Bb5 Red8 25. Qg4 Rc7 26. Rh4 Rdc8 27. f3 Kf8 28. Rdh2 Rd8 29. Rh7 Qd4 30. Qxd4 exd4 31. Re2 Rc5 32. Rh4 Rxd5 33. Rhe4 Re5 34. f4 Rxe4 1/2-1/2

[Event "HUN-ch U14"]
[Site "Budapest"]
[Date "2010.07.03"]
[Round "8"]
[White "Csonka, Balazs"]
[Black "Ongai, Erik"]
[Result "1-0"]
[WhiteElo "2197"]
[BlackElo "1918"]
[PlyCount "59"]
[EventDate "2010.06.26"]
[EventType "swiss"]
[EventRounds "9"]
[EventCountry "HUN"]
[SourceTitle "CBM 137 Extra"]
[Source "ChessBase"]
[SourceDate "2010.09.01"]
[SourceVersion "1"]
[SourceVersionDate "2010.09.01"]
[SourceQuality "1"]

1. e4 c5 2. Nf3 d6 3. d4 cxd4 4. Nxd4 Nf6 5. f3 e6 6. c4 Be7 7. Nc3 b6 8. Be3 Bb7 9. Qd2 a6 10. Be2 Nbd7 11. 0-0 0-0 12. a4 Nc5 13. b4 e5 14. bxc5 exd4 15. Qxd4 dxc5 16. Qxd8 Rfxd8 17. a5 bxa5 18. Rxa5 Nd7 19. Nd5 Bf8 20. Rb1 Bxd5 21. cxd5 Rdb8 22. Rxb8 Rxb8 23. Rxa6 Rb1+ 24. Kf2 Rb2 25. Ra8 Ne5 26. Ke1 Rb1+ 27. Kd2 Rb2+ 28. Kd1 Rb1+ 29. Kc2 Re1 30. Kd2 1-0

[Event "HUN-ch U14"]
[Site "Budapest"]
[Date "2010.07.01"]
[Round "6"]
[White "Eltigani, Omar"]
[Black "Ongai, Erik"]
[Result "1/2-1/2"]
[WhiteElo "2269"]
[BlackElo "1918"]
[PlyCount "78"]
[EventDate "2010.06.26"]
[EventType "swiss"]
[EventRounds "9"]
[EventCountry "HUN"]
[SourceTitle "CBM 137 Extra"]
[Source "ChessBase"]
[SourceDate "2010.09.01"]
[SourceVersion "1"]
[SourceVersionDate "2010.09.01"]
[SourceQuality "1"]

1. d4 d5 2. c4 e6 3. Nc3 Nf6 4. Nf3 Be7 5. Bf4 0-0 6. e3 Nbd7 7. Qc2 c6 8. Bd3 dxc4 9. Bxc4 b5 10. Bd3 Bb7 11. e4 h6 12. e5 Nd5 13. Nxd5 cxd5 14. 0-0 a6 15. Qd2 f5 16. exf6 Rxf6 17. Bg3 Nb6 18. b3 Nc8 19. Be5 Rf8 20. Qe2 Nd6 21. Bxd6 Qxd6 22. Rfe1 Bc8 23. Bc2 Ra7 24. Qd3 Rf5 25. Ne5 Bf6 26. Re3 Bxe5 27. dxe5 Qd8 28. Qd4 Rff7 29. h4 Rac7 30. Bg6 Rf8 31. Rae1 Bd7 32. Bb1 Be8 33. Qd3 Qxh4 34. Qh7+ Kf7 35. Rh3 Qg5 36. Rg3 Rc1 37. Rxc1 Qxc1+ 38. Kh2 Ke7 39. Rxg7+ Bf7 1/2-1/2

[Event "HUN-ch U14"]
[Site "Budapest"]
[Date "2010.06.29"]
[Round "4"]
[White "Csire, Bence"]
[Black "Ongai, Erik"]
[Result "0-1"]
[WhiteElo "1805"]
[BlackElo "1918"]
[PlyCount "78"]
[EventDate "2010.06.26"]
[EventType "swiss"]
[EventRounds "9"]
[EventCountry "HUN"]
[SourceTitle "CBM 137 Extra"]
[Source "ChessBase"]
[SourceDate "2010.09.01"]
[SourceVersion "1"]
[SourceVersionDate "2010.09.01"]
[SourceQuality "1"]

1. e4 c5 2. Nf3 d6 3. d4 cxd4 4. Nxd4 Nf6 5. Nc3 g6 6. Be3 Bg7 7. f3 0-0 8. Qd2 Nc6 9. 0-0-0 Bd7 10. g4 Ne5 11. h4 Rc8 12. Bh6 Bh8 13. Bxf8 Kxf8 14. h5 Bg7 15. Bd3 Qb6 16. Nb3 Nxf3 17. Qg2 Ne5 18. h6 Bh8 19. g5 Nfg4 20. Nd5 Qc6 21. Qe2 a5 22. Kb1 a4 23. Nd4 Qc5 24. Bb5 Bxb5 25. Nxb5 Nf2 26. Ndc3 Nxh1 27. Rxh1 Nc4 28. a3 Nxa3+ 29. bxa3 Bxc3 30. Nxc3 Qxc3 31. Re1 Qxa3 32. Qb5 Qc5 33. Qxa4 Qc4 34. Qxc4 Rxc4 35. Kb2 Ra4 36. Kb3 Ra5 37. Kb4 b6 38. Rb1 Rxg5 39. Kc3 Rh5 0-1

[Event "HUN-chT2 Charousek 0910"]
[Site "Hungary"]
[Date "2010.04.11"]
[Round "9"]
[White "Ongai, Erik"]
[Black "Albrecht, Gabor"]
[Result "1/2-1/2"]
[WhiteElo "1910"]
[BlackElo "1870"]
[PlyCount "78"]
[EventDate "2009.11.08"]
[EventType "team-tourn"]
[EventRounds "11"]
[EventCountry "HUN"]
[SourceTitle "EXT 2011"]
[Source "ChessBase"]
[SourceDate "2010.11.26"]
[SourceVersion "1"]
[SourceVersionDate "2010.11.26"]
[SourceQuality "1"]
[WhiteTeam "Sarvar"]
[BlackTeam "Fehervar"]
[WhiteTeamCountry "HUN"]
[BlackTeamCountry "HUN"]

1. e4 c5 2. Nf3 e6 3. d4 cxd4 4. Nxd4 a6 5. Bd3 Nf6 6. 0-0 Qc7 7. c4 Nc6 8. Nxc6 dxc6 9. Nc3 e5 10. Be3 Ng4 11. Bg5 Bc5 12. Bh4 Be6 13. h3 Nf6 14. Bxf6 gxf6 15. Qf3 0-0-0 16. Rab1 Rhg8 17. b4 Bd4 18. Ne2 Qd7 19. Ng3 Bxf2+ 20. Rxf2 Qxd3 21. Qxd3 Rxd3 22. Nf5 Kd7 23. c5 Bxf5 24. exf5 h5 25. Kf1 Rgg3 26. Ke1 Ke7 27. Rd1 h4 28. Rxd3 Rxd3 29. Rd2 Rc3 30. Rf2 Rc1+ 31. Kd2 Rc4 32. a3 a5 33. Kd3 Rd4+ 34. Kc3 axb4+ 35. axb4 Ke8 36. Rf3 Ke7 37. Rf2 Re4 38. Kb3 Rd4 39. Kc3 Re4 1/2-1/2